Peligro extremo / (Registro nro. 481)
[ vista simple ]
| 000 -LEADER | |
|---|---|
| fixed length control field | 01278nam a22002057a 4500 |
| 003 - CONTROL NUMBER IDENTIFIER | |
| control field | OSt |
| 005 - DATE AND TIME OF LATEST TRANSACTION | |
| control field | 20250514121551.0 |
| 008 - FIXED-LENGTH DATA ELEMENTS--GENERAL INFORMATION | |
| fixed length control field | 250514s2012 sp ||||| |||| 00| 1 spa d |
| 020 ## - INTERNATIONAL STANDARD BOOK NUMBER | |
| International Standard Book Number | 9788490063415 |
| 040 ## - CATALOGING SOURCE | |
| Transcribing agency | ost |
| 100 1# - MAIN ENTRY--PERSONAL NAME | |
| Personal name | Ambler, Eric, |
| Dates associated with a name | 1909-1998 |
| 245 ## - TITLE STATEMENT | |
| Title | Peligro extremo / |
| Statement of responsibility, etc. | Eric Ambler ; traducción de Damià Alou |
| 250 ## - EDITION STATEMENT | |
| Edition statement | 1a ed. |
| 260 ## - PUBLICATION, DISTRIBUTION, ETC. | |
| Place of publication, distribution, etc. | Barcelona : |
| Name of publisher, distributor, etc. | RBA, |
| Date of publication, distribution, etc. | 2012 |
| 300 ## - PHYSICAL DESCRIPTION | |
| Extent | 278 p. |
| 490 0# - SERIES STATEMENT | |
| Series statement | Serie negra |
| 520 ## - SUMMARY, ETC. | |
| Summary, etc. | En la Europa de entreguerras, el periodista Desmond Kenton lucha por hacerse un lugar como reportero internacional. Hábil en su oficio y con una innata capacidad para los idiomas, se mueve por el continente con facilidad, aunque a veces su insensatez le acarrea problemas. En pleno viaje por Alemania, se encuentra de repente en un serio aprieto: lo ha perdido todo en apuestas y no ve cómo rehacerse. Quizá la proposición de un misterioso judío, que le promete mucho dinero a cambio de llevarle un paquete a Austria, sea la solución que andaba buscando. Sin embargo, pronto descubre que no es una gran idea, desconociendo el contenido del paquete y moviéndose a hurtadillas por Alemania en pleno apogeo del Partido Nazi... [Nota de contratapa] |
| 650 #4 - SUBJECT ADDED ENTRY--TOPICAL TERM | |
| Topical term or geographic name entry element | Literatura inglesa |
| Form subdivision | Novela |
| Chronological subdivision | Siglo XX |
| 942 ## - ADDED ENTRY ELEMENTS (KOHA) | |
| Source of classification or shelving scheme | Universal Decimal Classification |
| Koha item type | Obra General |
| Suppress in OPAC | No |
| Withdrawn status | Lost status | Source of classification or shelving scheme | Damaged status | Not for loan | Collection | Home library | Current library | Date acquired | Total checkouts | Full call number | Barcode | Date last seen | Price effective from | Koha item type |
|---|---|---|---|---|---|---|---|---|---|---|---|---|---|---|
| Universal Decimal Classification | Colección Nélida Perona | Biblioteca Escuela de Ciencias Sociales | Biblioteca Escuela de Ciencias Sociales | 14/05/2025 | 82-312.4(410.1) AM493 | 001368 | 14/05/2025 | 14/05/2025 | Obra General |